[Event "European Team-ch 2007"]
[Site "Crete GRE"]
[Date "2007.10.29"]
[Round "2.13"]
[White "D'amore, Carlo"]
[Black "Erdogdu, Mert"]
[Result "1/2-1/2"]
[WhiteElo "2477"]
[BlackElo "2440"]
[PlyCount "159"]
[EventDate "2007.10.28"]
[EventType "team"]
[EventRounds "9"]
[EventCountry "GRE"]
[Source "lmi"]
[SourceDate "2007.10.28"]
[WhiteTeam "Italy"]
[BlackTeam "Turkey"]
[WhiteTeamCountry "ITA"]
[BlackTeamCountry "TUR"]

1. Nf3 Nf6 2. g3 g6 3. Bg2 Bg7 4. O-O O-O 5. d4 d6 6. c4 Nc6 7. Nc3 a6 8. h3
Rb8 9. Qc2 Bd7 10. e4 e5 11. dxe5 dxe5 12. Be3 Qc8 13. Kh2 Re8 14. Rfd1 Be6 15.
Nd5 Nd7 16. Rac1 f6 17. b4 Nd8 18. c5 c6 19. Nb6 Qc7 20. Nd2 Nf7 21. Bf1 Nf8
22. Ndc4 Rbd8 23. a4 f5 24. Rxd8 Rxd8 25. Rd1 Rxd1 26. Qxd1 f4 27. Bc1 h5 28.
Bb2 fxg3+ 29. fxg3 h4 30. g4 Bh6 31. Kg2 Bf4 32. Be2 Nh7 33. Nd6 Nhg5 34. Bc4
Qe7 35. Nxf7 Bxf7 36. Qd3 a5 37. Bc3 axb4 38. Bxb4 Ne6 39. Qd6 Bg5 40. Bxe6
Qxe6 41. Qxe6 Bxe6 42. a5 Be3 43. Na4 Bb3 44. Nb2 Bd4 45. Nd3 Bc2 46. Nf2 Kf7
47. Kf3 Ke6 48. Ke2 Bxf2 49. Kxf2 Bxe4 50. Bd2 Kd5 51. Bg5 Kxc5 52. Bxh4 Kd4
53. Bd8 c5 54. Bb6 Bd3 55. h4 e4 56. h5 gxh5 57. gxh5 Bc4 58. h6 Bg8 59. Ke2
Bh7 60. Kd2 Kc4 61. Kc2 Kb4 62. Kb2 c4 63. Kc2 c3 64. Be3 Kc4 65. Kc1 Kd3 66.
Bb6 e3 67. Bc5 e2 68. Bf2 Bf5 69. Be1 Bg6 70. a6 bxa6 71. h7 Bxh7 72. Bxc3 Kc4
73. Kb2 Kb5 74. Be1 a5 75. Ka3 a4 76. Kb2 Kc4 77. Bh4 Bf5 78. Be1 Kd3 79. Bh4
Kd2 80. Bg3 1/2-1/2

[Event "European Team-ch 2007"]
[Site "Crete GRE"]
[Date "2007.10.29"]
[Round "2.14"]
[White "Berend, Fred"]
[Black "Nevednichy, Vladislav"]
[Result "0-1"]
[WhiteElo "2344"]
[BlackElo "2531"]
[PlyCount "66"]
[EventDate "2007.10.28"]
[EventType "team"]
[EventRounds "9"]
[EventCountry "GRE"]
[Source "lmi"]
[SourceDate "2007.10.28"]
[WhiteTeam "Luxembourg"]
[BlackTeam "Romania"]
[WhiteTeamCountry "LUX"]
[BlackTeamCountry "ROM"]

1. e4 c5 2. Nc3 Nc6 3. Bb5 Na5 4. Be2 a6 5. f4 e6 6. Nf3 d5 7. d4 Nf6 8. e5 Nd7
9. Be3 Nc6 10. Qd2 cxd4 11. Nxd4 Bc5 12. O-O-O O-O 13. h4 Nxd4 14. Bxd4 b5 15.
Bf3 Bxd4 16. Qxd4 Bb7 17. Rh3 Rc8 18. Kb1 Qe7 19. Be2 b4 20. Na4 Bc6 21. Nb6
Nxb6 22. Qxb6 Bb5 23. Bxb5 axb5 24. Qxb5 Rc4 25. f5 Rfc8 26. Rf3 Rxc2 27. f6
Qc7 28. Rff1 Rxb2+ 29. Kxb2 Qc2+ 30. Ka1 Ra8 31. a4 b3 32. Rd2 b2+ 33. Ka2
b1=Q+ 0-1

[Event "European Team-ch 2007"]
[Site "Crete GRE"]
[Date "2007.10.29"]
[Round "2.14"]
[White "Lupulescu, Constantin"]
[Black "Bakalarz, Mietek"]
[Result "1/2-1/2"]
[WhiteElo "2562"]
[BlackElo "2342"]
[PlyCount "102"]
[EventDate "2007.10.28"]
[EventType "team"]
[EventRounds "9"]
[EventCountry "GRE"]
[Source "lmi"]
[SourceDate "2007.10.28"]
[WhiteTeam "Romania"]
[BlackTeam "Luxembourg"]
[WhiteTeamCountry "ROM"]
[BlackTeamCountry "LUX"]

1. e4 e5 2. Nf3 Nf6 3. Nxe5 d6 4. Nf3 Nxe4 5. Nc3 Nxc3 6. dxc3 Be7 7. Bf4 Nd7
8. Qd2 O-O 9. O-O-O Nc5 10. Be3 Re8 11. Bc4 Be6 12. Bxe6 Nxe6 13. h4 Qd7 14.
Kb1 Qa4 15. Ng5 Qb5 16. g4 Rad8 17. f4 d5 18. Nxe6 fxe6 19. h5 c5 20. h6 g6 21.
f5 d4 22. Bf4 exf5 23. gxf5 Bf6 24. c4 Qxc4 25. fxg6 Re2 26. gxh7+ Kxh7 27.
Qd3+ Qxd3 28. cxd3 b5 29. Rh5 Rf2 30. Bg3 Rg2 31. Bc7 Rc8 32. Rxc5 Be7 33. Rcc1
Bg5 34. Bf4 Rxc1+ 35. Bxc1 Kxh6 36. Re1 Bxc1 37. Kxc1 Rg3 38. Re4 Rxd3 39. Kc2
Rf3 40. Rxd4 a5 41. a4 Rf5 42. Kb3 Kg6 43. Ka3 Kf6 44. axb5 Rxb5 45. Re4 Kf5
46. Re3 Rb4 47. Rb3 Rh4 48. Rb5+ Ke6 49. Rxa5 Kd6 50. b4 Kc6 51. Ka4 Kb6
1/2-1/2

[Event "European Team-ch 2007"]
[Site "Crete GRE"]
[Date "2007.10.29"]
[Round "2.14"]
[White "Weber, Jean-Marie"]
[Black "Jianu, Vlad-Cristian"]
[Result "0-1"]
[WhiteElo "2248"]
[BlackElo "2535"]
[PlyCount "64"]
[EventDate "2007.10.28"]
[EventType "team"]
[EventRounds "9"]
[EventCountry "GRE"]
[Source "lmi"]
[SourceDate "2007.10.28"]
[WhiteTeam "Luxembourg"]
[BlackTeam "Romania"]
[WhiteTeamCountry "LUX"]
[BlackTeamCountry "ROM"]

1. d4 Nf6 2. Nf3 g6 3. c4 Bg7 4. Nc3 O-O 5. g3 d6 6. Bg2 Nc6 7. O-O a6 8. h3
Rb8 9. Qc2 Bd7 10. e4 b5 11. e5 Ne8 12. cxb5 axb5 13. Qe4 b4 14. Ne2 Qc8 15.
Kh2 Qa6 16. Bg5 Bf5 17. Qe3 f6 18. exf6 exf6 19. Bf4 g5 20. Bxg5 fxg5 21. Nxg5
Nd8 22. f4 Nf6 23. Qb3+ Kh8 24. Rfe1 Qd3 25. Qxd3 Bxd3 26. a4 Re8 27. Ng1 Rxe1
28. Rxe1 h6 29. Ne4 Bxe4 30. Bxe4 Nxe4 31. Rxe4 Nc6 32. Nf3 d5 0-1

[Event "European Team-ch 2007"]
[Site "Crete GRE"]
[Date "2007.10.29"]
[Round "2.14"]
[White "Murariu, Andrei"]
[Black "Gengler, Pierre"]
[Result "0-1"]
[WhiteElo "2503"]
[BlackElo "2195"]
[PlyCount "74"]
[EventDate "2007.10.28"]
[EventType "team"]
[EventRounds "9"]
[EventCountry "GRE"]
[Source "lmi"]
[SourceDate "2007.10.28"]
[WhiteTeam "Romania"]
[BlackTeam "Luxembourg"]
[WhiteTeamCountry "ROM"]
[BlackTeamCountry "LUX"]

1. e4 c5 2. Nf3 Nc6 3. d4 cxd4 4. Nxd4 Nf6 5. Nc3 e5 6. Ndb5 d6 7. Bg5 a6 8.
Na3 b5 9. Bxf6 gxf6 10. Nd5 f5 11. Bd3 Be6 12. O-O Bxd5 13. exd5 Ne7 14. Re1
Bg7 15. Rb1 O-O 16. c4 e4 17. Bf1 Ng6 18. cxb5 axb5 19. Bxb5 Qg5 20. Re3 Be5
21. Bc6 Ra7 22. Nc4 Nh4 23. Rg3 Bxg3 24. hxg3 Ng6 25. a4 f4 26. Nxd6 Re7 27.
Qd4 f5 28. Nb7 fxg3 29. fxg3 Qxg3 30. Qf2 Qg5 31. d6 Rg7 32. d7 Nf4 33. Kf1 Nd3
34. Qe2 Qh6 35. Kg1 Qxc6 36. d8=Q Rxd8 37. Nxd8 Qb6+ 0-1

[Event "European Team-ch 2007"]
[Site "Crete GRE"]
[Date "2007.10.29"]
[Round "2.15"]
[White "Rozentalis, Eduardas"]
[Black "Efimov, Igor"]
[Result "1/2-1/2"]
[WhiteElo "2581"]
[BlackElo "2446"]
[PlyCount "63"]
[EventDate "2007.10.28"]
[EventType "team"]
[EventRounds "9"]
[EventCountry "GRE"]
[Source "lmi"]
[SourceDate "2007.10.28"]
[WhiteTeam "Lithuania"]
[BlackTeam "Monaco"]
[WhiteTeamCountry "LTU"]
[BlackTeamCountry "MNC"]

1. e4 d6 2. d4 Nf6 3. Nc3 g6 4. Nf3 Bg7 5. Be2 O-O 6. O-O Nc6 7. d5 Nb8 8. h3
c6 9. a4 a5 10. Be3 Na6 11. Re1 Qc7 12. Nd4 Nb4 13. Qd2 Re8 14. Rad1 Bd7 15.
Bf3 Rad8 16. g4 Bc8 17. Bg2 e6 18. dxe6 fxe6 19. f4 e5 20. Nf3 d5 21. Nxe5 dxe4
22. Qf2 Nbd5 23. Nxe4 Nxe4 24. Bxe4 Nxe3 25. Rxd8 Qxd8 26. Rxe3 Bxe5 27. fxe5
Qd4 28. Bd3 Be6 29. b3 Rf8 30. Rf3 Qa1+ 31. Qf1 Qd4+ 32. Qf2 1/2-1/2

[Event "European Team-ch 2007"]
[Site "Crete GRE"]
[Date "2007.10.29"]
[Round "2.15"]
[White "Van Hoolandt, Patrick"]
[Black "Kveinys, Aloyzas"]
[Result "0-1"]
[WhiteElo "2245"]
[BlackElo "2517"]
[PlyCount "104"]
[EventDate "2007.10.28"]
[EventType "team"]
[EventRounds "9"]
[EventCountry "GRE"]
[Source "lmi"]
[SourceDate "2007.10.28"]
[WhiteTeam "Monaco"]
[BlackTeam "Lithuania"]
[WhiteTeamCountry "MNC"]
[BlackTeamCountry "LTU"]

1. d4 Nf6 2. c4 e6 3. Nf3 c5 4. d5 exd5 5. cxd5 d6 6. Nc3 g6 7. Bf4 a6 8. a4
Bg7 9. e4 Bg4 10. Be2 Bxf3 11. Bxf3 Qe7 12. O-O Nbd7 13. Re1 O-O 14. Qd2 Ne8
15. Be2 Nc7 16. Bf1 Rfe8 17. Bg3 Qf8 18. f4 Bd4+ 19. Bf2 Qg7 20. Rad1 Bf6 21.
Qd3 Rab8 22. Qh3 Red8 23. g4 h6 24. Be3 Ne8 25. Kh1 g5 26. Ne2 gxf4 27. Bxf4
Bg5 28. Bxg5 hxg5 29. Ng3 Qh7 30. Qg2 Ne5 31. Nf5 Ng7 32. Re3 Nxf5 33. gxf5 f6
34. Rh3 Qg7 35. Be2 Kf7 36. Rc1 Rh8 37. Rcc3 Ke7 38. Rb3 Rxh3 39. Rxh3 Rh8 40.
Kg1 Kd8 41. Qg3 Rh6 42. Qb3 Kc7 43. a5 Nd7 44. Kg2 Rxh3 45. Qxh3 Qe7 46. Qd3
Qe5 47. Qc2 Qd4 48. Bf3 Ne5 49. h3 Qb4 50. h4 gxh4 51. Qf2 Qxa5 52. Qxh4 Qd2+
0-1

[Event "European Team-ch 2007"]
[Site "Crete GRE"]
[Date "2007.10.29"]
[Round "2.15"]
[White "Malisauskas, Vidmantas"]
[Black "Iclicki, Willy"]
[Result "1-0"]
[WhiteElo "2495"]
[BlackElo "2147"]
[PlyCount "63"]
[EventDate "2007.10.28"]
[EventType "team"]
[EventRounds "9"]
[EventCountry "GRE"]
[Source "lmi"]
[SourceDate "2007.10.28"]
[WhiteTeam "Lithuania"]
[BlackTeam "Monaco"]
[WhiteTeamCountry "LTU"]
[BlackTeamCountry "MNC"]

1. e4 c6 2. d4 d5 3. e5 c5 4. dxc5 Nc6 5. Nf3 Bg4 6. Bb5 e6 7. Be3 Nge7 8. c3
Nf5 9. Bxc6+ bxc6 10. Qa4 Nxe3 11. fxe3 Bxf3 12. Qxc6+ Ke7 13. gxf3 f6 14. Qd6+
Kf7 15. Qxd8 Rxd8 16. exf6 Bxc5 17. fxg7 Rhg8 18. Kf2 Rxg7 19. Nd2 Rdg8 20. Ke2
Rg2+ 21. Kd3 Ke7 22. f4 h6 23. b4 Bd6 24. Raf1 e5 25. fxe5 Bxe5 26. Rf5 Ke6 27.
Rh5 Bg7 28. e4 dxe4+ 29. Nxe4 Rf8 30. Nc5+ Kd6 31. Kc4 a6 32. Rd1+ 1-0

[Event "European Team-ch 2007"]
[Site "Crete GRE"]
[Date "2007.10.29"]
[Round "2.15"]
[White "Rapaire, Jean-Michel"]
[Black "Zagorskis, Darius"]
[Result "0-1"]
[WhiteElo "1966"]
[BlackElo "2472"]
[PlyCount "86"]
[EventDate "2007.10.28"]
[EventType "team"]
[EventRounds "9"]
[EventCountry "GRE"]
[Source "lmi"]
[SourceDate "2007.10.28"]
[WhiteTeam "Monaco"]
[BlackTeam "Lithuania"]
[WhiteTeamCountry "MNC"]
[BlackTeamCountry "LTU"]

1. e4 d6 2. d4 Nf6 3. Bd3 e5 4. dxe5 dxe5 5. Nf3 c6 6. O-O Qc7 7. Be3 Be7 8.
Nbd2 O-O 9. h3 Nbd7 10. Nb3 Rd8 11. Qe2 Nf8 12. Rfd1 Ng6 13. Ne1 b6 14. c3 Be6
15. Bc2 c5 16. Rxd8+ Rxd8 17. Rd1 Rxd1 18. Qxd1 c4 19. Nc1 b5 20. a3 Nf8 21. f3
N8d7 22. g4 a5 23. Na2 Nc5 24. Kf2 Nfd7 25. Kg3 Bd6 26. Nc1 Nb6 27. Ng2 Nba4
28. Bxa4 Nxa4 29. Qc2 f6 30. Bg1 Bf8 31. Be3 Qd8 32. Kf2 Nc5 33. Ke2 Nb3 34.
Ne1 b4 35. axb4 axb4 36. Na2 bxc3 37. bxc3 Qa5 38. Nc1 Qa1 39. Kd1 Bd7 40. Ke2
Ba4 41. Kf2 Ba3 42. Qa2 Bxc1 43. Qxa1 Bxe3+ 0-1

[Event "European Team-ch 2007"]
[Site "Crete GRE"]
[Date "2007.10.29"]
[Round "2.16"]
[White "Winants, Luc"]
[Black "Georgiev, Vladimir"]
[Result "1/2-1/2"]
[WhiteElo "2504"]
[BlackElo "2576"]
[PlyCount "120"]
[EventDate "2007.10.28"]
[EventType "team"]
[EventRounds "9"]
[EventCountry "GRE"]
[Source "lmi"]
[SourceDate "2007.10.28"]
[WhiteTeam "Belgium"]
[BlackTeam "Former Yugoslav Republic of Macedonia"]
[WhiteTeamCountry "BEL"]
[BlackTeamCountry "FRM"]

1. d4 d5 2. c4 c6 3. Nf3 Nf6 4. Nc3 e6 5. e3 Nbd7 6. Qc2 Bd6 7. e4 dxe4 8. Nxe4
Nxe4 9. Qxe4 Bb4+ 10. Bd2 Bxd2+ 11. Nxd2 O-O 12. O-O-O c5 13. Nf3 Nf6 14. Qe5
Nd7 15. Qe4 Qc7 16. Bd3 g6 17. h4 cxd4 18. Qxd4 e5 19. Qc3 e4 20. Bxe4 Qf4+ 21.
Qe3 Qxe3+ 22. fxe3 Nf6 23. Bc2 Re8 24. e4 Bg4 25. Rhe1 Rac8 26. b3 Rc5 27. e5
Nd7 28. Re4 Bf5 29. Re3 Bg4 30. Re4 Bf5 31. Red4 Nxe5 32. Bxf5 gxf5 33. Rd8
Rxd8 34. Rxd8+ Kg7 35. Kd2 b6 36. Kc3 f4 37. Rd4 Nxf3 38. gxf3 Rf5 39. b4 Kg6
40. Rd7 Re5 41. Rxa7 Re3+ 42. Kd4 Rxf3 43. Ra6 Kf5 44. Rxb6 Ra3 45. Rb5+ Kg4
46. Rg5+ Kxh4 47. Rf5 Kg4 48. Rxf7 h5 49. c5 Rxa2 50. c6 Rc2 51. b5 h4 52. c7
h3 53. b6 h2 54. Rh7 Kg3 55. Kd5 Kg2 56. b7 Rxc7 57. Rxh2+ Kxh2 58. b8=Q Rc2
59. Qxf4+ Kg1 60. Qg4+ Rg2 1/2-1/2

[Event "European Team-ch 2007"]
[Site "Crete GRE"]
[Date "2007.10.29"]
[Round "2.16"]
[White "Mitkov, Nikola"]
[Black "Dutreeuw, Marc"]
[Result "1-0"]
[WhiteElo "2528"]
[BlackElo "2391"]
[PlyCount "38"]
[EventDate "2007.10.28"]
[EventType "team"]
[EventRounds "9"]
[EventCountry "GRE"]
[Source "lmi"]
[SourceDate "2007.10.28"]
[WhiteTeam "Former Yugoslav Republic of Macedonia"]
[BlackTeam "Belgium"]
[WhiteTeamCountry "FRM"]
[BlackTeamCountry "BEL"]

1. e4 e5 2. Bc4 Nf6 3. d3 c6 4. Bb3 d5 5. Nf3 Bd6 6. exd5 Nxd5 7. O-O O-O 8.
Re1 Bg4 9. h3 Bh5 10. Nbd2 Nd7 11. Ne4 Bc7 12. Ng3 Bg6 13. Bg5 f6 14. Bd2 Nc5
15. Nh4 Nxb3 16. axb3 Qd7 17. Nxg6 hxg6 18. Ne4 Bb6 19. Qf3 Rfe8 1-0

[Event "European Team-ch 2007"]
[Site "Crete GRE"]
[Date "2007.10.29"]
[Round "2.16"]
[White "Laurent, Bruno"]
[Black "Colovic, Aleksandar"]
[Result "1/2-1/2"]
[WhiteElo "2359"]
[BlackElo "2477"]
[PlyCount "87"]
[EventDate "2007.10.28"]
[EventType "team"]
[EventRounds "9"]
[EventCountry "GRE"]
[Source "lmi"]
[SourceDate "2007.10.28"]
[WhiteTeam "Belgium"]
[BlackTeam "Former Yugoslav Republic of Macedonia"]
[WhiteTeamCountry "BEL"]
[BlackTeamCountry "FRM"]

1. e4 c5 2. Nf3 d6 3. d4 cxd4 4. Nxd4 Nf6 5. Nc3 a6 6. Be3 Ng4 7. Bc1 Nf6 8.
Be3 e6 9. Be2 Qc7 10. f4 b5 11. Bf3 Bb7 12. e5 dxe5 13. Bxb7 Qxb7 14. fxe5 Nfd7
15. Qf3 Qxf3 16. Nxf3 Nc6 17. Bf4 Bb4 18. O-O-O Bxc3 19. bxc3 Ne7 20. Be3 Nd5
21. Bd4 Rc8 22. Ng5 Ke7 23. Ne4 f6 24. exf6+ gxf6 25. g4 Rhg8 26. h3 Rg6 27.
Rhf1 Rc6 28. Rf3 N7b6 29. Rdf1 e5 30. Bxb6 Rxb6 31. g5 Nf4 32. gxf6+ Ke6 33.
Nc5+ Kxf6 34. Nd3 Rc6 35. Nxf4 exf4 36. Rxf4+ Ke5 37. R4f3 Rc4 38. Kb2 Rh6 39.
Rg3 Rch4 40. Re1+ Kd6 41. Rd3+ Kc6 42. Ree3 Kb6 43. Rf3 Rc6 44. Rfe3 1/2-1/2

[Event "European Team-ch 2007"]
[Site "Crete GRE"]
[Date "2007.10.29"]
[Round "2.16"]
[White "Stanojoski, Zvonko"]
[Black "Gulbas, Cemil"]
[Result "1/2-1/2"]
[WhiteElo "2467"]
[BlackElo "2365"]
[PlyCount "66"]
[EventDate "2007.10.28"]
[EventType "team"]
[EventRounds "9"]
[EventCountry "GRE"]
[Source "lmi"]
[SourceDate "2007.10.28"]
[WhiteTeam "Former Yugoslav Republic of Macedonia"]
[BlackTeam "Belgium"]
[WhiteTeamCountry "FRM"]
[BlackTeamCountry "BEL"]

1. e4 c5 2. Nc3 Nc6 3. f4 a6 4. Nf3 e6 5. g3 d5 6. d3 Nf6 7. e5 d4 8. exf6 dxc3
9. bxc3 Qxf6 10. Bb2 Bd6 11. Bg2 O-O 12. O-O Qd8 13. c4 Qc7 14. Ng5 Nd4 15. Qh5
h6 16. Ne4 Be7 17. Bxd4 cxd4 18. g4 f5 19. Ng3 Bd6 20. gxf5 Bxf4 21. fxe6 Bxe6
22. Rae1 Be3+ 23. Kh1 Kh8 24. Rxf8+ Rxf8 25. Nf1 Bf7 26. Qh4 b5 27. Nxe3 dxe3
28. Rxe3 bxc4 29. d4 Qa5 30. Qe1 Qxa2 31. Rf3 c3 32. Qxc3 Re8 33. Rf5 Bg6
1/2-1/2

[Event "European Team-ch 2007"]
[Site "Crete GRE"]
[Date "2007.10.29"]
[Round "2.17"]
[White "Kett, Tim"]
[Black "Lie, Kjetil A"]
[Result "0-1"]
[WhiteElo "2257"]
[BlackElo "2563"]
[PlyCount "48"]
[EventDate "2007.10.28"]
[EventType "team"]
[EventRounds "9"]
[EventCountry "GRE"]
[Source "lmi"]
[SourceDate "2007.10.28"]
[WhiteTeam "Wales"]
[BlackTeam "Norway"]
[WhiteTeamCountry "WLS"]
[BlackTeamCountry "NOR"]

1. e4 c5 2. Nc3 g6 3. f4 Bg7 4. Nf3 Nc6 5. Bb5 Nd4 6. O-O e6 7. Nxd4 cxd4 8.
Ne2 Ne7 9. f5 exf5 10. d3 fxe4 11. dxe4 Qb6 12. Bd3 d5 13. exd5 Nxd5 14. Bc4
Be6 15. Bxd5 Bxd5 16. Nf4 Be4 17. Re1 f5 18. c4 dxc3+ 19. Be3 c2 20. Qxc2 Bxc2
21. Bxb6+ Be4 22. Bf2 Bxb2 23. Rab1 Bc3 24. Re3 Bd2 0-1

[Event "European Team-ch 2007"]
[Site "Crete GRE"]
[Date "2007.10.29"]
[Round "2.17"]
[White "Lie, Espen"]
[Black "Morris, Charles F"]
[Result "1-0"]
[WhiteElo "2421"]
[BlackElo "2198"]
[PlyCount "101"]
[EventDate "2007.10.28"]
[EventType "team"]
[EventRounds "9"]
[EventCountry "GRE"]
[Source "lmi"]
[SourceDate "2007.10.28"]
[WhiteTeam "Norway"]
[BlackTeam "Wales"]
[WhiteTeamCountry "NOR"]
[BlackTeamCountry "WLS"]

1. c4 Nf6 2. g3 c6 3. Nf3 d5 4. b3 Bf5 5. Bg2 e6 6. O-O Be7 7. d3 O-O 8. Bb2 a5
9. Nc3 Na6 10. Qc2 Nc5 11. Rfe1 Nfd7 12. e4 dxe4 13. dxe4 Bg6 14. Nd4 Bf6 15.
Rad1 Qb6 16. Ba3 Rfd8 17. Nde2 Bh5 18. h3 Ne5 19. g4 Ncd3 20. c5 Nxc5 21. gxh5
Ncd3 22. Rf1 Bh4 23. Nc1 Nb4 24. Qe2 Qc5 25. Na4 Qa7 26. Bb2 Bf6 27. Rxd8+ Rxd8
28. Rd1 Re8 29. Kh1 b5 30. Bd4 Qc7 31. Nc5 Rd8 32. Be3 Nd7 33. Rxd7 Rxd7 34.
Nxd7 Qxd7 35. Qd2 Qxd2 36. Bxd2 Bb2 37. Bxb4 axb4 38. Nd3 Bc3 39. e5 c5 40.
Nxc5 Bxe5 41. Bc6 Bd6 42. Nd3 e5 43. Kg2 Kf8 44. f4 exf4 45. Kf3 Ke7 46. Nxf4
Kf6 47. h4 Ke5 48. Bxb5 f5 49. Bc4 Be7 50. Bg8 Bxh4 51. Bxh7 1-0

[Event "European Team-ch 2007"]
[Site "Crete GRE"]
[Date "2007.10.29"]
[Round "2.17"]
[White "Spice, Alan"]
[Black "Hammer, Jon Ludvig"]
[Result "0-1"]
[WhiteElo "2170"]
[BlackElo "2402"]
[PlyCount "62"]
[EventDate "2007.10.28"]
[EventType "team"]
[EventRounds "9"]
[EventCountry "GRE"]
[Source "lmi"]
[SourceDate "2007.10.28"]
[WhiteTeam "Wales"]
[BlackTeam "Norway"]
[WhiteTeamCountry "WLS"]
[BlackTeamCountry "NOR"]

1. Nc3 Nf6 2. e4 e5 3. Bc4 Nc6 4. d3 Na5 5. Nge2 c6 6. Bg5 Be7 7. a3 Nxc4 8.
dxc4 O-O 9. Qd3 d6 10. O-O-O Be6 11. Bxf6 Bxf6 12. Qxd6 Qb6 13. c5 Qa5 14. Qd3
Qxc5 15. Qf3 b5 16. Kb1 a5 17. Nc1 Qe7 18. h4 Rfb8 19. N3e2 h6 20. g3 b4 21. a4
c5 22. b3 c4 23. Rd2 Rd8 24. Rhd1 Rxd2 25. Rxd2 Qc5 26. Qg2 Rc8 27. Qf1 Qc6 28.
Qg2 Be7 29. f3 Bc5 30. Qf1 Be3 31. Rd1 cxb3 0-1

[Event "European Team-ch 2007"]
[Site "Crete GRE"]
[Date "2007.10.29"]
[Round "2.18"]
[White "Muir, Andrew J"]
[Black "Ragger, Markus"]
[Result "0-1"]
[WhiteElo "2367"]
[BlackElo "2528"]
[PlyCount "58"]
[EventDate "2007.10.28"]
[EventType "team"]
[EventRounds "9"]
[EventCountry "GRE"]
[Source "lmi"]
[SourceDate "2007.10.28"]
[WhiteTeam "Scotland"]
[BlackTeam "Austria"]
[WhiteTeamCountry "SCO"]
[BlackTeamCountry "AUT"]

1. d4 d5 2. c4 c6 3. Nf3 Nf6 4. Nc3 dxc4 5. a4 Bf5 6. e3 e6 7. Bxc4 Bb4 8. O-O
Nbd7 9. Nh4 Bg6 10. Qb3 a5 11. Na2 Bd6 12. Qxb7 Rb8 13. Qa6 Ng4 14. g3 Be4 15.
f4 Ra8 16. Qb7 Rb8 17. Qa6 g5 18. Nf3 gxf4 19. exf4 Nc5 20. dxc5 Bxc5+ 21. Kh1
Qd4 22. Be2 h5 23. Nc3 Nf2+ 24. Kg2 h4 25. Nxe4 h3+ 26. Kg1 Qxe4 27. Rxf2 Rb3
28. Qc4 Qxc4 29. Bxc4 Rxf3 0-1

[Event "European Team-ch 2007"]
[Site "Crete GRE"]
[Date "2007.10.29"]
[Round "2.18"]
[White "Atlas, Valery"]
[Black "Ruxton, Keith"]
[Result "1/2-1/2"]
[WhiteElo "2482"]
[BlackElo "2314"]
[PlyCount "76"]
[EventDate "2007.10.28"]
[EventType "team"]
[EventRounds "9"]
[EventCountry "GRE"]
[Source "lmi"]
[SourceDate "2007.10.28"]
[WhiteTeam "Austria"]
[BlackTeam "Scotland"]
[WhiteTeamCountry "AUT"]
[BlackTeamCountry "SCO"]

1. e4 c5 2. Nf3 d6 3. d4 cxd4 4. Nxd4 Nf6 5. Nc3 a6 6. Be3 e5 7. Nf3 Be7 8. Bc4
O-O 9. O-O Be6 10. Bb3 Qc7 11. Bg5 Nbd7 12. Rc1 Bc4 13. Re1 b5 14. Nd2 Be6 15.
Nf3 Bc4 16. Bxc4 Qxc4 17. Nd2 Qc7 18. Nf1 b4 19. Bxf6 Nxf6 20. Nd5 Nxd5 21.
Qxd5 Bg5 22. Ne3 Bxe3 23. Rxe3 Rac8 24. c4 bxc3 25. Rexc3 Qb8 26. b3 Rxc3 27.
Rxc3 Qb4 28. Rc1 g6 29. g3 Re8 30. g4 h6 31. Kg2 Kg7 32. Rc7 Re6 33. Qxe6 Qxe4+
34. Kf1 Qh1+ 35. Ke2 Qe4+ 36. Kf1 Qh1+ 37. Ke2 Qe4+ 38. Kd2 Qd4+ 1/2-1/2

[Event "European Team-ch 2007"]
[Site "Crete GRE"]
[Date "2007.10.29"]
[Round "2.18"]
[White "Grant, Jonathan"]
[Black "Weiss, Christian"]
[Result "0-1"]
[WhiteElo "2261"]
[BlackElo "2460"]
[PlyCount "104"]
[EventDate "2007.10.28"]
[EventType "team"]
[EventRounds "9"]
[EventCountry "GRE"]
[Source "lmi"]
[SourceDate "2007.10.28"]
[WhiteTeam "Scotland"]
[BlackTeam "Austria"]
[WhiteTeamCountry "SCO"]
[BlackTeamCountry "AUT"]

1. c4 Nf6 2. Nc3 g6 3. g3 Bg7 4. Bg2 O-O 5. e4 d6 6. Nge2 c5 7. d3 Nc6 8. O-O
Ne8 9. Be3 Nd4 10. Rb1 Bg4 11. h3 Bxe2 12. Nxe2 Nxe2+ 13. Qxe2 Nc7 14. b4 b6
15. Qd2 Rc8 16. d4 cxd4 17. Bxd4 Bxd4 18. Qxd4 e5 19. Qd2 Ne6 20. Rbc1 Nd4 21.
f4 a5 22. bxa5 bxa5 23. f5 f6 24. fxg6 hxg6 25. Qh6 Qe8 26. Rb1 Qf7 27. Rb6 Qg7
28. Qxg7+ Kxg7 29. Ra6 Rxc4 30. Rxa5 Rf7 31. Rf2 Rd7 32. Ra8 f5 33. Kh2 d5 34.
exf5 gxf5 35. Re8 e4 36. g4 Kf7 37. Re5 Kf6 38. Re8 Re7 39. Rxe7 Kxe7 40. gxf5
Kf6 41. h4 Ra4 42. Kg1 Rb4 43. h5 e3 44. Rf1 Ne2+ 45. Kh2 Rh4+ 46. Bh3 d4 47.
Rd1 Ke5 48. f6 Nf4 49. Kg3 Rxh3+ 50. Kg4 Rxh5 51. f7 Rh8 52. Rb1 Rf8 0-1

[Event "European Team-ch 2007"]
[Site "Crete GRE"]
[Date "2007.10.29"]
[Round "2.18"]
[White "Balinov, Ilia"]
[Black "Morrison, Graham"]
[Result "1-0"]
[WhiteElo "2475"]
[BlackElo "2322"]
[PlyCount "73"]
[EventDate "2007.10.28"]
[EventType "team"]
[EventRounds "9"]
[EventCountry "GRE"]
[Source "lmi"]
[SourceDate "2007.10.28"]
[WhiteTeam "Austria"]
[BlackTeam "Scotland"]
[WhiteTeamCountry "AUT"]
[BlackTeamCountry "SCO"]

1. d4 Nf6 2. Nf3 e6 3. g3 b5 4. Bg2 Bb7 5. O-O c5 6. Na3 a6 7. c4 b4 8. Nc2
cxd4 9. Ncxd4 Be7 10. a3 bxa3 11. b3 d5 12. Ne5 Qc7 13. Bf4 Bd6 14. cxd5 Bxe5
15. Rc1 Bxf4 16. Rxc7 Bxc7 17. d6 Bxg2 18. dxc7 Bb7 19. Nxe6 Nbd7 20. Nxg7+ Kf8
21. Nf5 Bd5 22. Qc1 Rc8 23. Qxa3+ Kg8 24. Rc1 Be6 25. Qxa6 Ne5 26. Qd6 Ned7 27.
Qa6 Ne5 28. Qa5 Ng6 29. Nd6 Kg7 30. Nxc8 Rxc8 31. Qc3 Nf8 32. b4 N8d7 33. b5
Kg6 34. Qd3+ Bf5 35. Qd6 Be6 36. b6 Bd5 37. f3 1-0

[Event "European Team-ch 2007"]
[Site "Crete GRE"]
[Date "2007.10.29"]
[Round "2.19"]
[White "Kulaots, Kaido"]
[Black "Nyback, Tomi"]
[Result "1/2-1/2"]
[WhiteElo "2547"]
[BlackElo "2565"]
[PlyCount "44"]
[EventDate "2007.10.28"]
[EventType "team"]
[EventRounds "9"]
[EventCountry "GRE"]
[Source "lmi"]
[SourceDate "2007.10.28"]
[WhiteTeam "Estonia"]
[BlackTeam "Finland"]
[WhiteTeamCountry "EST"]
[BlackTeamCountry "FIN"]

1. e4 e5 2. Nf3 Nc6 3. Bb5 a6 4. Ba4 Nf6 5. O-O Be7 6. Re1 b5 7. Bb3 O-O 8. c3
d5 9. exd5 Nxd5 10. Nxe5 Nxe5 11. Rxe5 c6 12. d3 Bd6 13. Re1 Bf5 14. Qf3 Qh4
15. g3 Qh3 16. Nd2 Rae8 17. Ne4 Bg4 18. Qg2 Qxg2+ 19. Kxg2 f5 20. Bf4 Bxf4 21.
gxf4 fxe4 22. dxe4 Bf3+ 1/2-1/2